[Event "Bolduc III - section A"]
[Site "Montreal CAN"]
[Date "2004.03.22"]
[Round "1"]
[White "Lawson, Eric"]
[Black "Cazelais, Marc"]
[Result "1-0"]
[WhiteElo "2266"]
[BlackElo "2133"]
[PlyCount "89"]
[GameId "2160767911175238"]
[EventDate "2004.03.22"]
[EventType "tourn"]
[EventRounds "9"]
[EventCountry "CAN"]
[SourceTitle "EXT 2006"]
[Source "ChessBase"]
[SourceDate "2005.11.24"]
[SourceVersion "1"]
[SourceVersionDate "2005.11.24"]
[SourceQuality "1"]

1. d4 g6 2. e4 Bg7 3. Nc3 c6 4. f4 d5 5. e5 h5 6. Nf3 Bg4 7. h3 Bxf3 8. Qxf3 e6 9. g3 Qb6 10. Ne2 Nd7 11. b3 Ne7 12. Bb2 Nf5 13. O-O-O O-O-O 14. Kb1 Kb8 15. Bg2 Bf8 16. c4 Be7 17. c5 Qa5 18. a3 b6 19. b4 Qa6 20. Bf1 Qb7 21. Rd3 Ka8 22. Rb3 Rb8 23. Ka2 b5 24. g4 Ng7 25. Ng3 h4 26. Ne2 Qc7 27. Re3 Rbf8 28. Nc3 f6 29. Qd1 g5 30. f5 exf5 31. e6 Nb8 32. Bg2 Rd8 33. a4 f4 34. Re2 a6 35. Qd3 f5 36. gxf5 Rhf8 37. Re5 Bf6 38. Rxd5 cxd5 39. Nxd5 Rxd5 40. Bxd5+ Ka7 41. axb5 axb5 42. Ra1 Na6 43. Kb1 Qc8 44. Qxb5 Bd8 45. Bc4 1-0

[Event "Bolduc III - section A"]
[Site "Montreal CAN"]
[Date "2004.03.22"]
[Round "1"]
[White "Rousseau, Daniel"]
[Black "Gilman, Arkadiy"]
[Result "0-1"]
[WhiteElo "2109"]
[BlackElo "2235"]
[PlyCount "52"]
[GameId "2160767911175239"]
[EventDate "2004.03.22"]
[EventType "tourn"]
[EventRounds "9"]
[EventCountry "CAN"]
[SourceTitle "EXT 2006"]
[Source "ChessBase"]
[SourceDate "2005.11.24"]
[SourceVersion "1"]
[SourceVersionDate "2005.11.24"]
[SourceQuality "1"]

1. d4 d5 2. c4 c6 3. Nc3 Nf6 4. Nf3 a6 5. e3 b5 6. cxd5 cxd5 7. Bd2 Bg4 8. h3 Bh5 9. g4 Bg6 10. Qb3 e6 11. Ne5 Bd6 12. a4 b4 13. Na2 a5 14. Bb5+ Kf8 15. Rc1 Ne4 16. Nxg6+ hxg6 17. Qc2 Ke7 18. Bd3 f5 19. Bxe4 fxe4 20. f3 Qf8 21. Rf1 exf3 22. Qxg6 Rxh3 23. e4 f2+ 24. Rxf2 Bg3 25. Rc7+ Nd7 26. Bg5+ Kd6 0-1

[Event "Bolduc III - section A"]
[Site "Montreal CAN"]
[Date "2004.03.22"]
[Round "1"]
[White "Roy, Guy"]
[Black "Arsenault, Nicolas"]
[Result "0-1"]
[WhiteElo "2073"]
[BlackElo "2041"]
[PlyCount "126"]
[GameId "2160767911175240"]
[EventDate "2004.03.22"]
[EventType "tourn"]
[EventRounds "9"]
[EventCountry "CAN"]

1. b4 e6 2. Bb2 Nf6 3. a3 a5 4. b5 d5 5. e3 Bd6 6. Nf3 O-O 7. Be2 Nbd7 8. d4 Qe7 9. c4 c6 10. Nbd2 c5 11. dxc5 Nxc5 12. cxd5 exd5 13. O-O Nfe4 14. Nb3 Na4 15. Qd4 Nxb2 16. Qxb2 Be6 17. Nfd4 Rac8 18. Bd3 Qf6 19. Nd2 Nc5 20. Be2 Qg6 21. g3 h5 22. N2f3 Qf6 23. Qd2 Bh3 24. Rfc1 a4 25. Qd1 Bg4 26. Nh4 Bxe2 27. Qxe2 g6 28. Rf1 Nb3 29. Nxb3 axb3 30. Qd3 b2 31. Rab1 Rc5 32. Kg2 Rfc8 33. Nf3 Be5 34. a4 Qd6 35. Nd4 Rc3 36. Qd2 Bxd4 37. Qxd4 R8c4 38. Qd2 Rc2 39. Qd3 Qe5 40. Qb3 Qe4+ 41. Kg1 Rb4 42. Qa3 Rxa4 43. Qd6 d4 44. exd4 Rxd4 45. Qb8+ Kg7 46. Qa7 Rdd2 47. Qa3 Qd4 48. Qf3 b6 49. Rbe1 Qc5 50. Rb1 Qxb5 51. Qe3 Qc5 52. Qf4 Qd4 53. Qf3 Qd5 54. Qf4 Qd4 55. Qf3 Rd3 56. Qa8 b5 57. Qa2 b4 58. Qa4 Rdc3 59. Qa2 b3 60. Qa3 Rd3 61. Qe7 Rdd2 62. Qe1 Re2 63. Qd1 Rcd2 0-1

[Event "Bolduc III - section A"]
[Site "Montreal CAN"]
[Date "2004.03.29"]
[Round "2"]
[White "Arsenault, Nicolas"]
[Black "Lawson, Eric"]
[Result "1/2-1/2"]
[WhiteElo "2129"]
[BlackElo "2266"]
[PlyCount "94"]
[GameId "2160767911175242"]
[EventDate "2004.03.22"]
[EventType "tourn"]
[EventRounds "9"]
[EventCountry "CAN"]
[SourceTitle "EXT 2006"]
[Source "ChessBase"]
[SourceDate "2005.11.24"]
[SourceVersion "1"]
[SourceVersionDate "2005.11.24"]
[SourceQuality "1"]

1. e4 c5 2. Nf3 Nc6 3. d4 cxd4 4. Nxd4 Nf6 5. Nc3 e5 6. Ndb5 d6 7. Bg5 a6 8. Na3 b5 9. Nd5 Be7 10. Bxf6 Bxf6 11. c3 Ne7 12. Nxf6+ gxf6 13. Bd3 Bb7 14. Qe2 Qb6 15. Nc2 f5 16. O-O-O fxe4 17. Bxe4 O-O-O 18. Bxb7+ Qxb7 19. f4 f6 20. Rhf1 Ng6 21. fxe5 fxe5 22. Rf6 Kc7 23. Rf7+ Rd7 24. Rxd7+ Kxd7 25. Qg4+ Kc7 26. Nb4 a5 27. Nd5+ Kb8 28. g3 Re8 29. Qe2 Rc8 30. Kb1 b4 31. Qd3 Ne7 32. cxb4 Nxd5 33. Qxd5 Qxd5 34. Rxd5 Kc7 35. Rxa5 Kd7 36. Ra7+ Ke6 37. Ra3 e4 38. Rc3 Rb8 39. a3 d5 40. Kc2 Ke5 41. Kd2 Kd4 42. Ke2 h5 43. Rb3 Kc4 44. Rc3+ Kd4 45. Rb3 Kc4 46. Rc3+ Kd4 47. Rb3 Kc4 1/2-1/2

[Event "Bolduc III - section A"]
[Site "Montreal CAN"]
[Date "2004.03.29"]
[Round "2"]
[White "Bolduc, Steve"]
[Black "Tessier, Olivier"]
[Result "0-1"]
[WhiteElo "2259"]
[BlackElo "2141"]
[PlyCount "88"]
[GameId "2160767911175243"]
[EventDate "2004.03.22"]
[EventType "tourn"]
[EventRounds "9"]
[EventCountry "CAN"]
[SourceTitle "EXT 2006"]
[Source "ChessBase"]
[SourceDate "2005.11.24"]
[SourceVersion "1"]
[SourceVersionDate "2005.11.24"]
[SourceQuality "1"]

1. d4 Nf6 2. c4 c5 3. d5 b5 4. Nf3 e6 5. Bg5 Qa5+ 6. Qd2 b4 7. Bxf6 gxf6 8. e4 Rg8 9. g3 d6 10. Bh3 Qc7 11. O-O Nd7 12. Qe2 Nb6 13. Nbd2 Bg7 14. a3 a5 15. axb4 cxb4 16. Nd4 f5 17. Nb5 Qe7 18. exf5 Bxb2 19. Rab1 Na4 20. fxe6 fxe6 21. Ne4 exd5 22. Bxc8 dxe4 23. Bb7 Rb8 24. Bxe4 Bc3 25. Qh5+ Kf8 26. Bd5 Rg5 27. Qf3+ Kg7 28. Qd3 Nb2 29. Qf3 Na4 30. Rbd1 Rf8 31. Qg2 Re5 32. Nxd6 Nb2 33. Ne4 Nxd1 34. Rxd1 Rd8 35. Rf1 Rdxd5 36. Nxc3 Rd4 37. Nd5 Qe6 38. f4 Re1 39. Qb2 Rxf1+ 40. Kxf1 Qe4 41. Kf2 Kf7 42. g4 b3 43. Qa3 Rd2+ 44. Kg3 Qe1+ 0-1

[Event "Bolduc III - section A"]
[Site "Montreal CAN"]
[Date "2004.03.29"]
[Round "2"]
[White "Tremblay, Alain"]
[Black "Cazelais, Marc"]
[Result "1-0"]
[WhiteElo "2012"]
[BlackElo "2133"]
[PlyCount "69"]
[GameId "2160767911175245"]
[EventDate "2004.03.22"]
[EventType "tourn"]
[EventRounds "9"]
[EventCountry "CAN"]
[SourceTitle "EXT 2006"]
[Source "ChessBase"]
[SourceDate "2005.11.24"]
[SourceVersion "1"]
[SourceVersionDate "2005.11.24"]
[SourceQuality "1"]

1. e4 c5 2. Nf3 Nc6 3. d4 cxd4 4. Nxd4 Nf6 5. Nc3 e5 6. Ndb5 d6 7. Bg5 a6 8. Na3 b5 9. Nd5 Be7 10. Bxf6 Bxf6 11. c3 Ne7 12. Nxe7 Qxe7 13. Nc2 Bb7 14. Qf3 O-O 15. Ne3 g6 16. Bd3 Bg7 17. Qh3 b4 18. c4 f5 19. Nd5 Bxd5 20. cxd5 fxe4 21. Bxe4 Rf4 22. f3 Qc7 23. O-O Qc5+ 24. Kh1 Raf8 25. Rac1 Qd4 26. Rfd1 Qxb2 27. Rc2 Qa3 28. Qe6+ Kh8 29. Qxd6 Qa4 30. Qc6 Qa5 31. d6 R4f6 32. Qc7 Qa4 33. d7 b3 34. Rc4 Qxa2 35. d8=Q 1-0

[Event "Bolduc III - section A"]
[Site "Montreal CAN"]
[Date "2004.03.29"]
[Round "2"]
[White "Trottier, Yves"]
[Black "Rousseau, Daniel"]
[Result "0-1"]
[WhiteElo "2066"]
[BlackElo "2208"]
[PlyCount "108"]
[GameId "2160767911175246"]
[EventDate "2004.03.22"]
[EventType "tourn"]
[EventRounds "9"]
[EventCountry "CAN"]

1. e4 e5 2. Nf3 Nc6 3. Nc3 Nf6 4. d4 exd4 5. Nxd4 Bc5 6. Nxc6 bxc6 7. Bd3 h6 8. Na4 Be7 9. e5 Nd5 10. O-O O-O 11. c4 Nb6 12. Nxb6 axb6 13. Bc2 d5 14. Bxh6 f5 15. exf6 Rxf6 16. Bg5 dxc4 17. Bxf6 Qxd1 18. Rfxd1 Bxf6 19. Bg6 Be6 20. Re1 Bf7 21. Bxf7+ Kxf7 22. Re2 b5 23. Rc2 Ra6 24. g3 c5 25. a4 c3 26. bxc3 b4 27. Rac1 b3 28. Rd2 Rxa4 29. Kf1 c4 30. Ke2 Ke6 31. Kd1 Ra3 32. Ke2 Ra5 33. Kd1 c6 34. Re2+ Kd6 35. Rb2 Re5 36. Kd2 Rd5+ 37. Ke2 Kc7 38. Rd2 Re5+ 39. Kd1 Re8 40. Rb2 c5 41. Rd2 Kc6 42. Rb2 Kb5 43. Rd2 Re6 44. Rb2 Rd6+ 45. Ke2 Bxc3 46. Rxc3 Kb4 47. Rc1 c3 48. Rbb1 b2 49. Kf3 Kb3 50. Re1 c4 51. Re7 Ka2 52. Rbe1 c2 53. Ra7+ Kb3 54. Rb7+ Kc3 0-1

[Event "Bolduc III - section A"]
[Site "Montreal CAN"]
[Date "2004.04.05"]
[Round "3"]
[White "Cazelais, Marc"]
[Black "Arsenault, Nicolas"]
[Result "1/2-1/2"]
[WhiteElo "2133"]
[BlackElo "2129"]
[PlyCount "22"]
[GameId "2160767911175247"]
[EventDate "2004.03.22"]
[EventType "tourn"]
[EventRounds "9"]
[EventCountry "CAN"]
[SourceTitle "EXT 2006"]
[Source "ChessBase"]
[SourceDate "2005.11.24"]
[SourceVersion "1"]
[SourceVersionDate "2005.11.24"]
[SourceQuality "1"]

1. e4 e6 2. d4 d5 3. Nd2 a6 4. Ngf3 c5 5. exd5 exd5 6. Be2 Nf6 7. O-O Be7 8. dxc5 Bxc5 9. Nb3 Bb6 10. Bg5 O-O 11. c3 Re8 1/2-1/2

[Event "Bolduc III - section A"]
[Site "Montreal CAN"]
[Date "2004.04.05"]
[Round "3"]
[White "Lawson, Eric"]
[Black "Gilman, Arkadiy"]
[Result "1/2-1/2"]
[WhiteElo "2266"]
[BlackElo "2235"]
[PlyCount "71"]
[GameId "2160767911175248"]
[EventDate "2004.03.22"]
[EventType "tourn"]
[EventRounds "9"]
[EventCountry "CAN"]
[SourceTitle "EXT 2006"]
[Source "ChessBase"]
[SourceDate "2005.11.24"]
[SourceVersion "1"]
[SourceVersionDate "2005.11.24"]
[SourceQuality "1"]

1. d4 d5 2. c4 c6 3. Nf3 Nf6 4. Nc3 a6 5. c5 Bg4 6. Bf4 Nbd7 7. h3 Bxf3 8. exf3 g6 9. b4 Bg7 10. Bh2 O-O 11. Be2 Re8 12. f4 Ne4 13. Rc1 e6 14. O-O Qf6 15. Nxe4 dxe4 16. Qc2 Rad8 17. Rfd1 Nf8 18. Qxe4 Rxd4 19. Rxd4 Qxd4 20. Qxd4 Bxd4 21. Rd1 Bc3 22. a3 Bb2 23. Rd3 Re7 24. Rb3 Bc1 25. Bf3 Rd7 26. a4 Rd4 27. b5 axb5 28. axb5 Nd7 29. bxc6 bxc6 30. f5 exf5 31. Bd6 Bf4 32. Be7 f6 33. g3 Kf7 34. Bxc6 Kxe7 35. Bxd7 Kxd7 36. gxf4 1/2-1/2

[Event "Bolduc III - section A"]
[Site "Montreal CAN"]
[Date "2004.04.05"]
[Round "3"]
[White "Rousseau, Daniel"]
[Black "Bolduc, Steve"]
[Result "1-0"]
[WhiteElo "2109"]
[BlackElo "2259"]
[PlyCount "59"]
[GameId "2160767911175249"]
[EventDate "2004.03.22"]
[EventType "tourn"]
[EventRounds "9"]
[EventCountry "CAN"]
[SourceTitle "EXT 2006"]
[Source "ChessBase"]
[SourceDate "2005.11.24"]
[SourceVersion "1"]
[SourceVersionDate "2005.11.24"]
[SourceQuality "1"]

1. e4 c5 2. Nf3 Nc6 3. Bc4 e6 4. Nc3 Nf6 5. d3 d5 6. Bb5 Be7 7. O-O O-O 8. Bg5 Nd4 9. e5 Nxb5 10. exf6 gxf6 11. Bh6 Nxc3 12. bxc3 Kh8 13. Bxf8 Qxf8 14. Nd2 Bd7 15. f4 Qg7 16. Rf3 f5 17. d4 cxd4 18. Rg3 Qf6 19. Nf3 Bd6 20. Qe1 dxc3 21. Ng5 h6 22. Rh3 Kg7 23. Nf3 Rh8 24. Qe3 Rc8 25. Kh1 b6 26. Ne5 Be8 27. Rg1 Kf8 28. Rf1 Ba4 29. Qd4 Bb5 30. Nd7+ 1-0

[Event "Bolduc III - section A"]
[Site "Montreal CAN"]
[Date "2004.04.05"]
[Round "3"]
[White "Roy, Guy"]
[Black "Trottier, Yves"]
[Result "1-0"]
[WhiteElo "2073"]
[BlackElo "2066"]
[PlyCount "125"]
[GameId "2160767911175250"]
[EventDate "2004.03.22"]
[EventType "tourn"]
[EventRounds "9"]
[EventCountry "CAN"]

1. g3 d5 2. Bg2 Nf6 3. d3 Bf5 4. Nf3 h6 5. Nbd2 e6 6. c3 c6 7. O-O Bd6 8. Re1 e5 9. Nh4 Bh7 10. e4 O-O 11. Qf3 Re8 12. Nf5 Bf8 13. Nf1 Bxf5 14. Qxf5 Qd7 15. Qf3 dxe4 16. dxe4 Qg4 17. Qd3 Na6 18. h3 Nc5 19. Qc2 Qd7 20. Rd1 Qc7 21. Be3 Rad8 22. b4 Ne6 23. Qe2 a5 24. a3 Rxd1 25. Rxd1 Rd8 26. Nd2 axb4 27. axb4 c5 28. b5 Qa5 29. Qc4 b6 30. Kh2 Qa7 31. Bf3 Ng5 32. Be2 Ra8 33. h4 Ne6 34. Nf3 Qc7 35. Ng1 Qb7 36. Bf3 Rd8 37. Rxd8 Nxd8 38. g4 Qd7 39. Qe2 Ne8 40. g5 hxg5 41. hxg5 g6 42. Bg4 Qb7 43. Qd3 Nd6 44. Bf3 Ne6 45. Ne2 Be7 46. Bg2 Qd7 47. c4 Bxg5 48. Bxg5 Nxg5 49. f4 exf4 50. Nxf4 Qe7 51. Nd5 Qe5+ 52. Kg1 Ndxe4 53. Bxe4 Nxe4 54. Qxe4 Qg5+ 55. Kf2 Qd2+ 56. Kg3 Qg5+ 57. Kf3 Qh5+ 58. Kf4 g5+ 59. Kg3 Qh6 60. Ne7+ Kf8 61. Nf5 Qe6 62. Qxe6 fxe6 63. Nd6 1-0

[Event "Bolduc III - section A"]
[Site "Montreal CAN"]
[Date "2004.04.05"]
[Round "3"]
[White "Tessier, Olivier"]
[Black "Tremblay, Alain"]
[Result "0-1"]
[WhiteElo "2141"]
[BlackElo "2012"]
[PlyCount "50"]
[GameId "2160767911175251"]
[EventDate "2004.03.22"]
[EventType "tourn"]
[EventRounds "9"]
[EventCountry "CAN"]
[SourceTitle "EXT 2006"]
[Source "ChessBase"]
[SourceDate "2005.11.24"]
[SourceVersion "1"]
[SourceVersionDate "2005.11.24"]
[SourceQuality "1"]

1. e4 e6 2. d4 d5 3. Nd2 Be7 4. Bd3 Nf6 5. e5 Nfd7 6. Ne2 c5 7. c3 Nc6 8. O-O cxd4 9. cxd4 f6 10. Nf4 Nxd4 11. Qh5+ Kf8 12. Ng6+ hxg6 13. Qxh8+ Kf7 14. Qxd8 Bxd8 15. exf6 Ne5 16. Bb1 gxf6 17. Nb3 Ne2+ 18. Kh1 Bb6 19. Bd2 Bd7 20. a4 Rh8 21. Re1 Nd4 22. Nxd4 Bxd4 23. Ra3 Ng4 24. Be3 Nxe3 25. fxe3 Be5 0-1

[Event "Bolduc III - section A"]
[Site "Montreal CAN"]
[Date "2004.04.12"]
[Round "4"]
[White "Bolduc, Steve"]
[Black "Roy, Guy"]
[Result "1-0"]
[WhiteElo "2243"]
[BlackElo "2073"]
[PlyCount "94"]
[GameId "2160767911175252"]
[EventDate "2004.03.22"]
[EventType "tourn"]
[EventRounds "9"]
[EventCountry "CAN"]

1. d4 d5 2. c4 e6 3. Nf3 c6 4. Bg5 Bb4+ 5. Nbd2 Qa5 6. a3 Bxd2+ 7. Bxd2 Qd8 8. Bg5 f6 9. Bf4 dxc4 10. e4 b5 11. e5 Bb7 12. exf6 Nxf6 13. Be2 O-O 14. O-O Nbd7 15. Ng5 Qe7 16. Bg4 Nxg4 17. Qxg4 Rae8 18. Rae1 Rf6 19. Ne4 Rg6 20. Bg5 Nf6 21. Qh4 h6 22. Bxf6 gxf6 23. Nc5 f5 24. Qh5 Kh7 25. Re5 Bc8 26. Rfe1 Qf7 27. Qf3 Bd7 28. Kf1 Rg4 29. Qe3 Rg6 30. f4 Bc8 31. Qf3 Bd7 32. g3 Rf6 33. Kf2 Qe7 34. Qc3 Bc8 35. b3 Qd6 36. Rd1 Kg6 37. Ke3 Kf7 38. g4 Rg8 39. Rg1 Rfg6 40. Kf3 Qd8 41. Qe1 Qxd4 42. Rg2 Rd8 43. Qa5 fxg4+ 44. Rxg4 Rf6 45. Re4 Qd1+ 46. Kg3 h5 47. Qc7+ Kf8 1-0

[Event "Bolduc III - section A"]
[Site "Montreal CAN"]
[Date "2004.04.12"]
[Round "4"]
[White "Gilman, Arkadiy"]
[Black "Cazelais, Marc"]
[Result "0-1"]
[WhiteElo "2218"]
[BlackElo "2211"]
[PlyCount "48"]
[GameId "2160767911175253"]
[EventDate "2004.03.22"]
[EventType "tourn"]
[EventRounds "9"]
[EventCountry "CAN"]

1. d4 g6 2. e4 c6 3. c4 d5 4. Nc3 dxe4 5. Nxe4 Bg7 6. Be3 Nd7 7. Be2 Ngf6 8. Nxf6+ Nxf6 9. h3 Qa5+ 10. Qd2 Qxd2+ 11. Kxd2 Ne4+ 12. Kc2 Bf5 13. Kb3 O-O 14. Nf3 Rfd8 15. Rad1 Rac8 16. a4 Kf8 17. Rhe1 Be6 18. Bd3 f5 19. Ng5 Nxg5 20. Bxg5 Kf7 21. Rxe6 Kxe6 22. Re1+ Kf7 23. Rxe7+ Kf8 24. Rxb7 Rb8 0-1

[Event "Bolduc III - section A"]
[Site "Montreal CAN"]
[Date "2004.04.12"]
[Round "4"]
[White "Tessier, Olivier"]
[Black "Rousseau, Daniel"]
[Result "1-0"]
[WhiteElo "2173"]
[BlackElo "2208"]
[PlyCount "91"]
[GameId "2160767911175254"]
[EventDate "2004.03.22"]
[EventType "tourn"]
[EventRounds "9"]
[EventCountry "CAN"]

1. d4 Nf6 2. c4 g6 3. Nc3 Bg7 4. e4 d6 5. Be2 O-O 6. Bg5 c5 7. Nf3 cxd4 8. Nxd4 Qa5 9. Bd2 Qb6 10. Nc2 Nc6 11. O-O Bd7 12. b3 Nd4 13. Nxd4 Qxd4 14. Qc2 Bc6 15. Bf3 Rfc8 16. Be3 Qe5 17. Rad1 b5 18. Bd4 Qg5 19. cxb5 Bxb5 20. Rfe1 Bc6 21. Qb2 Rc7 22. g3 Rac8 23. b4 h5 24. h4 Qh6 25. b5 Bd7 26. a4 Qh8 27. Kg2 Bg4 28. Re3 e5 29. Bxa7 Rxa7 30. b6 Rb7 31. a5 Rcb8 32. Bxg4 Nxg4 33. Red3 Bf8 34. Rxd6 Bxd6 35. Rxd6 Kh7 36. Nd5 Qf8 37. Rc6 Qe8 38. Qc3 Kg7 39. f3 Nh6 40. a6 Rd7 41. Nf6 Rd2+ 42. Kh3 Qd8 43. Qxe5 Kf8 44. b7 Rd1 45. Qxb8 Qxb8 46. Rc8+ 1-0

[Event "Bolduc III - section A"]
[Site "Montreal CAN"]
[Date "2004.04.12"]
[Round "4"]
[White "Tremblay, Alain"]
[Black "Arsenault, Nicolas"]
[Result "0-1"]
[WhiteElo "2061"]
[BlackElo "2041"]
[PlyCount "56"]
[GameId "2160767911175255"]
[EventDate "2004.03.22"]
[EventType "tourn"]
[EventRounds "9"]
[EventCountry "CAN"]

1. d4 Nf6 2. c4 g6 3. Nc3 Bg7 4. e4 d6 5. Nf3 O-O 6. Be2 e5 7. O-O Nc6 8. d5 Ne7 9. b4 Nh5 10. c5 Nf4 11. Bxf4 exf4 12. Rc1 h6 13. Nd4 g5 14. h3 a5 15. cxd6 cxd6 16. bxa5 Rxa5 17. a4 Qb6 18. Ncb5 Ra8 19. Rc7 Rd8 20. Bg4 Bxg4 21. Qxg4 Bxd4 22. Rxe7 Bf6 23. Rc7 Rxa4 24. Qh5 Rf8 25. Qxh6 Bg7 26. Qxg5 Qxb5 27. Qe7 b6 28. f3 Bd4+ 0-1

[Event "Bolduc III - section A"]
[Site "Montreal CAN"]
[Date "2004.04.12"]
[Round "4"]
[White "Trottier, Yves"]
[Black "Lawson, Eric"]
[Result "0-1"]
[WhiteElo "2066"]
[BlackElo "2357"]
[PlyCount "80"]
[GameId "2160767911175256"]
[EventDate "2004.03.22"]
[EventType "tourn"]
[EventRounds "9"]
[EventCountry "CAN"]

1. e4 g6 2. Nc3 Bg7 3. f4 c5 4. g3 Nc6 5. Bg2 d6 6. Nf3 e6 7. O-O Nge7 8. d3 O-O 9. Be3 Rb8 10. e5 Nf5 11. Bf2 Ncd4 12. exd6 Qxd6 13. Ne4 Qc7 14. Ne5 b6 15. g4 Ne7 16. Nc4 Bb7 17. c3 Ndc6 18. Ncd6 f5 19. Nb5 Qd7 20. Ng5 h6 21. Nh3 Kh7 22. g5 h5 23. Na3 Rbd8 24. Re1 Nd5 25. Bf3 Rfe8 26. Nc2 e5 27. Bxh5 gxh5 28. Qxh5+ Kg8 29. Bh4 Nxf4 30. Nxf4 exf4 31. g6 Ne5 32. Rxe5 Rxe5 33. Bxd8 Qxd8 34. Kf2 Qxd3 35. Qd1 Qe4 36. Ne1 Bf6 37. Qh5 Qe3+ 38. Kf1 Ba6+ 39. Kg2 Qd2+ 40. Kh3 Bf1+ 0-1

[Event "Bolduc III - section A"]
[Site "Montreal CAN"]
[Date "2004.04.19"]
[Round "5"]
[White "Arsenault, Nicolas"]
[Black "Gilman, Arkadiy"]
[Result "0-1"]
[WhiteElo "2041"]
[BlackElo "2218"]
[PlyCount "54"]
[GameId "2160767911175257"]
[EventDate "2004.03.22"]
[EventType "tourn"]
[EventRounds "9"]
[EventCountry "CAN"]

1. e4 e6 2. d4 d5 3. Nc3 Nf6 4. Bg5 Bb4 5. e5 h6 6. Bd2 Nfd7 7. Qg4 Bf8 8. f4 c5 9. Nf3 Nc6 10. Be3 Qa5 11. dxc5 Nxc5 12. O-O-O Bd7 13. Qg3 Ne4 14. Nxe4 dxe4 15. Nd2 Qxa2 16. Nxe4 Qa1+ 17. Kd2 Qxb2 18. Bd3 Nd4 19. Nd6+ Bxd6 20. exd6 Rc8 21. Bxd4 Qxd4 22. f5 Qc3+ 23. Ke2 exf5 24. Rhe1 O-O 25. Kf1 Qf6 26. Re7 Rc6 27. Qf4 Rxd6 0-1

[Event "Bolduc III - section A"]
[Site "Montreal CAN"]
[Date "2004.04.19"]
[Round "5"]
[White "Cazelais, Marc"]
[Black "Trottier, Yves"]
[Result "1-0"]
[WhiteElo "2211"]
[BlackElo "2066"]
[PlyCount "67"]
[GameId "2160767911175258"]
[EventDate "2004.03.22"]
[EventType "tourn"]
[EventRounds "9"]
[EventCountry "CAN"]

1. e4 e5 2. Nf3 Nf6 3. Nxe5 d6 4. Nf3 Nxe4 5. Qe2 Qe7 6. d3 Nf6 7. Bg5 Qxe2+ 8. Bxe2 Be7 9. Nc3 Bd7 10. O-O-O Nc6 11. d4 O-O-O 12. Bc4 Rhf8 13. h3 h6 14. Bh4 Bf5 15. d5 Nb8 16. Rhe1 Rde8 17. Nd4 Bh7 18. g4 a6 19. Bd3 Nbd7 20. Bxh7 Nxh7 21. Nf5 Bg5+ 22. Bxg5 Nxg5 23. Rxe8+ Rxe8 24. Nxg7 Rh8 25. Rd3 Ne5 26. Re3 Ngf3 27. Ne4 Kd8 28. b3 Ke7 29. Nd2 Nxd2 30. Kxd2 Kf6 31. Nh5+ Kg6 32. f4 Nd7 33. Re7 Rd8 34. h4 1-0

[Event "Bolduc III - section A"]
[Site "Montreal CAN"]
[Date "2004.04.19"]
[Round "5"]
[White "Lawson, Eric"]
[Black "Bolduc, Steve"]
[Result "1-0"]
[WhiteElo "2357"]
[BlackElo "2243"]
[PlyCount "59"]
[GameId "2160767911175259"]
[EventDate "2004.03.22"]
[EventType "tourn"]
[EventRounds "9"]
[EventCountry "CAN"]

1. d4 d5 2. Bg5 h6 3. Bh4 c6 4. Nf3 Qb6 5. Qc1 Bg4 6. Nbd2 Nd7 7. e3 Bxf3 8. Nxf3 e5 9. Bg3 e4 10. Nd2 Ne7 11. Be2 Nf5 12. c4 Nxg3 13. hxg3 Be7 14. c5 Qc7 15. b4 O-O 16. Nb3 f5 17. b5 Nf6 18. Qd2 cxb5 19. Bxb5 Ng4 20. Rc1 Bg5 21. Rc3 Rf6 22. Be2 Raf8 23. Na1 Nxe3 24. Rxe3 f4 25. gxf4 Qxf4 26. O-O Qc7 27. Nc2 Qf7 28. Qe1 Rf3 29. Bxf3 Bxe3 30. fxe3 1-0

[Event "Bolduc III - section A"]
[Site "Montreal CAN"]
[Date "2004.04.19"]
[Round "5"]
[White "Rousseau, Daniel"]
[Black "Tremblay, Alain"]
[Result "0-1"]
[WhiteElo "2208"]
[BlackElo "2061"]
[PlyCount "74"]
[GameId "2160767911175260"]
[EventDate "2004.03.22"]
[EventType "tourn"]
[EventRounds "9"]
[EventCountry "CAN"]

1. e4 e5 2. Nf3 Nf6 3. Nxe5 d6 4. Nf3 Nxe4 5. d4 d5 6. Bd3 Bd6 7. O-O O-O 8. c4 c6 9. Qc2 f5 10. Nc3 Be6 11. cxd5 cxd5 12. Nb5 Nc6 13. Nxd6 Qxd6 14. a3 Rac8 15. Qb3 a6 16. Qb6 Ne5 17. Qxd6 Nxf3+ 18. gxf3 Nxd6 19. Re1 Kf7 20. Bf4 Nc4 21. b3 Na5 22. Be2 g5 23. Be5 Rfd8 24. f4 g4 25. f3 h5 26. fxg4 hxg4 27. h3 Rc3 28. hxg4 fxg4 29. f5 Bxf5 30. Rf1 Kg6 31. Rf4 Rd7 32. Kf2 Kg5 33. Rg1 g3+ 34. Rxg3+ Rxg3 35. Kxg3 Rf7 36. Bf3 Be6 37. Rh4 Rxf3+ 0-1

[Event "Bolduc III - section A"]
[Site "Montreal CAN"]
[Date "2004.04.19"]
[Round "5"]
[White "Roy, Guy"]
[Black "Tessier, Olivier"]
[Result "1/2-1/2"]
[WhiteElo "2073"]
[BlackElo "2173"]
[PlyCount "90"]
[GameId "2160767911175261"]
[EventDate "2004.03.22"]
[EventType "tourn"]
[EventRounds "9"]
[EventCountry "CAN"]

1. e4 c5 2. Nf3 Nf6 3. Nc3 e6 4. Be2 Nc6 5. O-O d5 6. exd5 exd5 7. d4 c4 8. b3 Bb4 9. Bd2 Bxc3 10. Bxc3 b5 11. bxc4 bxc4 12. Ne5 Ne7 13. f3 O-O 14. Bb4 Re8 15. a4 a5 16. Bc3 Bf5 17. Qd2 Nd7 18. Rfd1 Ra6 19. g4 Bg6 20. Bf1 f6 21. Nxc4 dxc4 22. Bxc4+ Kh8 23. Bxa6 Qa8 24. Be2 Nd5 25. Bb5 Re3 26. Ra3 Rxf3 27. Bb2 Nf4 28. d5 Ne5 29. Bxe5 Nh3+ 30. Kg2 Rxa3 31. c3 fxe5 32. Kxh3 Qc8 33. Bc6 h5 34. Rg1 hxg4+ 35. Kh4 Qf5 36. Rxg4 Qf6+ 37. Qg5 Qf2+ 38. Rg3 Rxc3 39. Bd7 Qxh2+ 40. Rh3 Rc4+ 41. Bg4 Qf2+ 42. Rg3 Kh7 43. Kh3 Qf1+ 44. Kh4 Bf5 45. Qh5+ Kg8 1/2-1/2

[Event "Bolduc III - section A"]
[Site "Montreal CAN"]
[Date "2004.04.26"]
[Round "6"]
[White "Bolduc, Steve"]
[Black "Cazelais, Marc"]
[Result "0-1"]
[WhiteElo "2243"]
[BlackElo "2211"]
[PlyCount "76"]
[GameId "2160767911175263"]
[EventDate "2004.03.22"]
[EventType "tourn"]
[EventRounds "9"]
[EventCountry "CAN"]

1. d4 g6 2. c4 Bg7 3. e4 d6 4. Nc3 Nc6 5. d5 Nd4 6. Nge2 Nxe2 7. Bxe2 Nf6 8. Be3 O-O 9. h4 h5 10. f3 e6 11. Qd2 exd5 12. cxd5 Re8 13. O-O-O a6 14. g4 hxg4 15. h5 Nxh5 16. fxg4 Ng3 17. Bf3 Nxh1 18. Rxh1 Qf6 19. Rh3 b5 20. Qc2 Bd7 21. Ne2 a5 22. Kb1 Rec8 23. Qd2 Qe7 24. Nd4 Bxg4 25. Nc6 Qe8 26. Rh4 Bxf3 27. Bd4 Bh5 28. Bxg7 Kxg7 29. e5 Qh8 30. Rf4 dxe5 31. Nxe5 Rf8 32. Qc3 f6 33. Nd7 Ra6 34. Nc5 Rd6 35. Ne6+ Rxe6 36. dxe6 g5 37. Qxc7+ Kg8 38. Rd4 Qh7+ 0-1